000 00327 a2200109 4500
001 ART_56536
005 20260410162049.0
008 260409a
245 1 0 _aHabilitación general del Sistema Integral de Recupero (SIR).
100 1 _aBaldo, Alberto
773 0 _tImpuestos
_g- N° 126 (jun. 2022)
_wREV45175
999 _c35599
_d35599